000
00277nam a2200121Ia 4500
008
140130s9999 xx 000 0 und d
245
_c
Jonathan London
_a
Let's Go, Froggy!
260
_b
Scholastic,
_c
1994
440
_v
1
521
_a
Grade 1
942
_c
BK
999
_c
40112
_d
40112